MARC details
| 000 -CABECERA |
| campo de control de longitud fija |
01675nam a2200301 4500 |
| 003 - IDENTIFICADOR DEL NÚMERO DE CONTROL |
| campo de control |
DO-SdBNP |
| 005 - FECHA Y HORA DE LA ÚLTIMA TRANSACCIÓN |
| campo de control |
20210818155828.0 |
| 007 - CAMPO FIJO DE DESCRIPCIÓN FÍSICA--INFORMACIÓN GENERAL |
| campo de control de longitud fija |
ta |
| 008 - DATOS DE LONGITUD FIJA--INFORMACIÓN GENERAL |
| campo de control de longitud fija |
210818b2018 ||||| |||| 00| 0 spa |
| 020 ## - NÚMERO INTERNACIONAL ESTÁNDAR DEL LIBRO |
| Número Internacional Estándar del Libro |
978-9945-592-25-2 |
| 040 ## - FUENTE DE LA CATALOGACIÓN |
| Centro catalogador/agencia de origen |
DO-SdBNP |
| Lengua de catalogación |
spa |
| Centro/agencia transcriptor |
BNPHU |
| 082 #4 - NÚMERO DE LA CLASIFICACIÓN DECIMAL DEWEY |
| Número de edición |
22 |
| Número de clasificación |
920.72 |
| Número de documento/Ítem |
R621 |
| 100 #1 - ENTRADA PRINCIPAL--NOMBRE DE PERSONA |
| 9 (RLIN) |
72068 |
| Nombre de persona |
Rivera-Garrido, Martha, |
| Fechas asociadas al nombre |
1960- |
| 245 ## - MENCIÓN DE TÍTULO |
| Título |
Tonó : |
| Resto del título |
una historia de solidaridad sin límites con las Hermanas Mirabal y su familia / |
| Mención de responsabilidad, etc. |
Rivera Garrido, Martha |
| 260 ## - PUBLICACIÓN, DISTRIBUCIÓN, ETC. |
| Lugar de publicación, distribución, etc. |
Santo Domingo : |
| Nombre del editor, distribuidor, etc. |
Fundación Hermanas Mirabal, |
| Fecha de publicación, distribución, etc. |
2018. |
| 300 ## - DESCRIPCIÓN FÍSICA |
| Extensión |
188 p. : |
| Otras características físicas |
il. ; tot. |
| Dimensiones |
23 cm |
| 440 ## - MENCIÓN DE SERIE/PUNTO DE ACCESO ADICIONAL--TÍTULO |
| Título |
Colección Fundación Hermanas Mirabal |
| 9 (RLIN) |
79485 |
| 500 ## - NOTA GENERAL |
| Nota general |
Incluye datos biográficos del autor en la solapa del libro. |
| 504 ## - NOTA DE BIBLIOGRAFÍA, ETC. |
| Nota de bibliografía, etc. |
Incluye bibliográfía : p.187 |
| 505 ## - NOTA DE CONTENIDO CON FORMATO |
| Nota de contenido con formato |
Contenido |
| Título |
Prólogo -- |
| -- |
Nota de la autora-- |
| -- |
La memoria de las cosas -- |
| -- |
Esa patria que es la infancia -- |
| -- |
En el tiempo de ser jóvenes- |
| -- |
Las bodas de las muchachas-- |
| -- |
Cuando la vida cambió para siempre -- |
| -- |
Llegaron llenos de patriotismo -- |
| -- |
Nunca tuvimos miedo -- |
| -- |
Amén de Mariposas -- |
| -- |
La muerte del diablo viejo -- |
| -- |
Manolo y las "Escarpadas montañosas del Quisqueya" -- |
| -- |
Los muchachos -- |
| -- |
Los viajes de Tonó -- |
| -- |
Retorno a casa -- |
| -- |
Los testimonios -- |
| -- |
Fotos -- |
| -- |
Fuentes-- |
| 650 ## - PUNTO DE ACCESO ADICIONAL DE MATERIA--TÉRMINO DE MATERIA |
| Término de materia o nombre geográfico como elemento de entrada |
Relatos |
| Subdivisión de forma |
Hermanas Mirabal |
| Subdivisión cronológica |
1960- |
| Subdivisión geográfica |
República Dominicana |
| 9 (RLIN) |
79488 |
| 650 ## - PUNTO DE ACCESO ADICIONAL DE MATERIA--TÉRMINO DE MATERIA |
| Término de materia o nombre geográfico como elemento de entrada |
Relatos biográfico |
| Subdivisión de forma |
Hermanas Mirabal |
| 9 (RLIN) |
79489 |
| 650 ## - PUNTO DE ACCESO ADICIONAL DE MATERIA--TÉRMINO DE MATERIA |
| Término de materia o nombre geográfico como elemento de entrada |
Literatura dominicana |
| 9 (RLIN) |
79490 |
| 700 #1 - PUNTO DE ACCESO ADICIONAL--NOMBRE DE PERSONA |
| Nombre de persona |
Tavárez Mirabal, Minou, |
| 9 (RLIN) |
72947 |
| Fechas asociadas al nombre |
1956- |
| Término indicativo de función/relación |
Colaboración especial |
| 700 #1 - PUNTO DE ACCESO ADICIONAL--NOMBRE DE PERSONA |
| Nombre de persona |
Irina Miolán |
| Término indicativo de función/relación |
ilustración |
| 9 (RLIN) |
79492 |
| 700 #1 - PUNTO DE ACCESO ADICIONAL--NOMBRE DE PERSONA |
| Nombre de persona |
Ana Antonia Rosario (Tonó) |
| Término indicativo de función/relación |
Fotografías / Archivos |
| 9 (RLIN) |
79493 |
| 942 ## - ELEMENTOS DE PUNTO DE ACCESO ADICIONAL (KOHA) |
| Fuente del sistema de clasificación o colocación |
Dewey Decimal Classification |
| Tipo de ítem Koha |
Libro |